Indovina il personaggio dalla frase - Attack on Titan - Statistics

Statistiche generali
  • Questo quiz è stato fatto 27 volte
  • Il punteggio medio è 4 su 15
Statistiche sulle risposte
Hint Risposta % Corretto
"Soldati infuriatevi, soldati gridate, soldati combattete" Erwin Smith
94%
"____ io ti ho sempre odiata" Eren Yeager
53%
"Io sono il gigante corazzato e lui è il gigante colossale" Reiner Braun
41%
All'inferno ammesso che esista, soffriremo per il peccato di aver ucciso l'ottanta per cento dell'umanità. Insieme." Armin Arlert
35%
"Arriva è questa la morte, chissà che cosa starà facendo ___, lo so probabilmente starà dormendo. Che invidia" Marlo
24%
"Carne" Sasha Braus
24%
"È una bellissima giornata, se solo me ne fossi reso conto un po' prima" Zeke Yeager
24%
"Andiamo a salvare il mondo" Connie Springer
18%
"A pensarci bene era facile comprendere che contro esseri così giganteschi non è possibile vincere" Jean Kirstein
18%
"Soltanto in presenza di un formidabile nemico comune l'umanità avrebbe fatto fronte unico e ogni conflitto sarebbe così cessato" Pixis
18%
"Marleyani e eldiani sono tutti bugiardi, pensano solo a loro stessi e anch'io sono così, io devo tornare a casa mia" Annie Leonhart
12%
"Il nostro demone è l'unica speranza che abbiamo" Floch Foster
12%
"Il primo re, colui che ha costruito le mura, desiderava vivere in un mondo dominato dai giganti" Rod Reiss
12%
"E comunque andranno le cose sento che accetterò il risultato, non è colpa di nessuno era inevitabile, dopotutto è il mondo a essere così crudele" Bertholt Hoover
6%
"Le persone speciali esistono davvero e la verità è che purtroppo io non sono una di loro, era una risposta così semplice, perché non me ne sono mai accorto" Keith Shadis
6%
Nessun quiz corrispondente trovato
Distribuzione punteggi
Percentuale di utenti per punteggio
Percentile per numero di risposta
I tuoi punteggi nel tempo
Non hai fatto questo quiz